| 000 | 00950cam a2200313 a 4500 | ||
|---|---|---|---|
| 008 | 051005s2005 utu 000 0 eng d | ||
| 010 | _a 2005283042 | ||
| 020 | _a1591568587 (pbk.) | ||
| 035 | _a6BF8E342CD194F40AD3A254C4105D05D | ||
| 035 | _a(OCoLC)ocm60579032 | ||
| 040 |
_aUWB _cUWB _dDLC |
||
| 042 | _alccopycat | ||
| 043 | _au-nz--- | ||
| 050 | 0 | 0 |
_aPR9639.4.R45 _bR46 2005 |
| 082 | 0 | 0 |
_a823/.92 _222 |
| 100 | 1 |
_aReid, Pamela Carrington, _d1956- _950479 |
|
| 245 | 1 | 0 |
_aRemember no more : _ba novel / _cPamela Reid. |
| 260 |
_aAmerican Fork, Utah : _bCovenant Communication, _cc2005. |
||
| 300 |
_a241 p. ; _c23 cm. |
||
| 650 | 0 |
_aMormons _vFiction. _95674350 |
|
| 651 | 0 |
_aNew Zealand _vFiction. _95711560 |
|
| 655 | 7 |
_aLove stories. _2gsafd _96339540 |
|
| 655 | 7 |
_aChristian fiction. _2gsafd _96339541 |
|
| 035 | _a6BF8E342CD194F40AD3A254C4105D05D | ||
| 005 | 20241220153725.0 | ||
| 001 | 35854 | ||
| 003 | DCL | ||
| 942 |
_cUNKNOWN _083 |
||
| 999 |
_c172121 _d172121 |
||